1397 1661 1154 1961 1271 1963 1973 1581 1502 1237 1641 1745 1466 1963 1623 1177 1003 1838 1314 1799 1153 1405 1723 1534 1615 1373 1553 1361 1062 1023 1732 1706 1038 1894 1341 1939 1454 1619 1328 1401 1925 1198 1892 1497 1883 1640 1720 1351 1889 1111 1937 1723 1393 1568 1495 1664 1744 1897 1422 1590 1913 1921 1575 1391 1516 1692 1552 1843 1757 1666 1380 1670 1193 1759 1960 1921 1578 1504 1112 1615 1396 1080 1722 1893 1334 1730 1889 1837 1966 1697 1944 1797 1459 1674 1195 1199 1596 1540 1203 BCNSPRNW ULIB Ver.6.0+V

เปลี่ยนเป็นภาษาไทย

Change to English
 แสดงรายละเอียดบรรณานุกรม
  กลับหน้าหลัก

Brief Record : Get Marc (ISO 2709) : E-mail record : QR code < ปิดหน้าต่าง
LEADER : 00000nas 2200000uu 4500
001    13399114000
003     ULIB
008    020711s|||| th a 000 0 tha d
022    ^a08586101
110    ^aโรงพยาบาลศรีธัญญา
245    ^aวารสารโรงพยาบาลศรีธัญญา
260    ^aนนทบุรี :^bโรงพยาบาลศรีธัญญา,^cม.ป.ป.
310    ^aรายเดือน
850 ^a ULIB^bฉบับที่ 9 ปีที่ 12 ;ปีที่ 13 ;ฉบับที่ 1 ปีที่ 14 ;ฉบับที่ 1 ปีที่ 15 ฉ.1 ;ฉบับที่ 1 ปีที่ 16 ฉ.1 ;ฉบับที่ 1 ปีที่ 17 ฉ.1
945    ^p0^l0^i900115
945    ^p0^l0^i901084
945    ^p0^l0^i902196
945    ^p0^l0^i902992
945    ^p0^l0^i903884
945    ^p0^l0^i904757
รายการนี้ยังไม่มีแท็ก
คุณยังไม่ได้ล็อกอิน คุณสามารถมีกิจกรรมร่วมกับเว็บไซต์ได้ แต่ต้องล็อกอินก่อน ::
  ล็อกอิน

รายการสื่อสารสนเทศ (วารสาร)

ดูแบบ: กล่อง รายการ
ARRIVED
ฉบับที่ 9 ปีที่ 12
สถานที่: ห้องสมุดวิทยาเขตสวรรค์ประชารักษ์ >วารสาร
ARRIVED
ปีที่ 13
สถานที่: ห้องสมุดวิทยาเขตสวรรค์ประชารักษ์ >วารสาร
ARRIVED
ฉบับที่ 1 ปีที่ 14
สถานที่: ห้องสมุดวิทยาเขตสวรรค์ประชารักษ์ >วารสาร
ARRIVED
ฉบับที่ 1 ปีที่ 15 ฉ.1
สถานที่: ห้องสมุดวิทยาเขตสวรรค์ประชารักษ์ >หนังสือพิมพ์
ARRIVED
ฉบับที่ 1 ปีที่ 16 ฉ.1
สถานที่: ห้องสมุดวิทยาเขตสวรรค์ประชารักษ์ >วารสาร
ARRIVED
ฉบับที่ 1 ปีที่ 17 ฉ.1
สถานที่: ห้องสมุดวิทยาเขตสวรรค์ประชารักษ์ >วารสาร
รายการใกล้เคียง
    ชื่อเรื่อง [วารสารโรงพยาบาลศรีธัญญา]

    ผู้แต่ง []

BibComment


ยังไม่เคยถูกคอมเมนท์

คอมเมนท์ทรัพยากรรายการนี้
  คอมเมนท์: วารสารโรงพยาบาลศ..


 Copyright 2026. Bcnsprnw @Library